000 00524nam a2200169 i 4500
001 61978
003 ES-MaACL
005 20230906164601.0
007 t|
008 031117s1940 sp ||||1| spa d
100 1 _aFalta, Wilhelm.
_948780
245 1 0 _aDiabetes sacarina /
_cWilhelm Falta ; versión española por Francisco Piñero.
260 _aBarcelona :
_b[s.n.,
_c1940] (
_fTall. Graf. Ibero-Americanos)
300 _a347 p. ;
_c23 cm.
700 1 _aPiñero, Francisco.
_992274
852 _aES-MaACL
_jE-1113
_bR.18213
999 _c61978
_d61978